| Поле | Название | Значение |
| |
Тип записи |
c |
| |
Библиографический уровень |
m |
| 001 |
Контрольный номер |
RU/УОНБ/EK_N/543149873 |
| 005 |
Дата корректировки |
20250214163513.9 |
| 010 |
Индекс ISBN |
__ |
| 9 |
Тираж |
20000 экз. |
| 013 |
Номер (ISMN) |
__ |
| d |
Цена |
75 к. |
| 071 |
Издательские номер (звукозапись и ноты) |
21 |
| a |
Номер, присвоенный агентством |
8087 |
| 100 |
Данные общей обработки |
__ |
| a |
Данные общей обработки |
20170321d1987 u u0rusy0189||||ca |
| 101 |
Язык документа |
0_ |
| a |
Язык текста |
rus |
| f |
Язык титульного листа |
rus |
| 102 |
Страна публикации |
__ |
| a |
Страна публикации |
RU |
| 105 |
Кодированные данные (монография) |
__ |
| a |
Кодированные данные (монография) |
y###||||000|y |
| 125 |
Кодированные данные звукозаписи и нотных изданий |
__ |
| a |
Форма изложения нотного текста |
с| |
| 128 |
Кодированные данные (звукозаписи-физические характеристики) |
__ |
| a |
Кодированные данные: Музыкальная форма и тональность или лад |
zz |
| c |
Инструменты или голоса, рекомендуемые для солистов (устаревшее) |
kt|| |
| 200 |
Заглавие и сведения об ответственности |
1_ |
| a |
Заглавие |
Вып. 7 |
| f |
Первые сведения об ответственности |
сост. И. Лунин |
| 210 |
Выходные данные |
1_ |
| d |
Дата издания |
1987 |
| 215 |
Физическое описание |
__ |
| a |
Объем |
48 с. |
| 327 |
Примечание о содержании |
11 |
| a |
Примечание о содержании |
Содерж. : Баснер В. С чего начинается Родина? : из кф. "Щит и меч" / сл. М. Матусовского. - Островский А. Красная гвоздика / сл. Л. Ошанина ; Песенка молодых соседей / сл. Н. Доризо. - Дунаевский И. Марш трактористов : из кф. "Богатая невеста" / сл. В. Лебедева-Кумача. - Блантер М. Грустные ивы / сл. А. Жарова. - Бабаджанян А. Ноктюрн / сл. Р. Рождественского. - Френкель Я. Страдание : из кф. "Белые росы" / сл. М. Танича. - Мажуков А. Улетела птичья стая / сл. Я. Гальперина. - Фиготин Б. Как земля прекрасна / сл. Ф. Лаубе. - Тухманов Д. Белый танец : из кф. "Эта веселая планета" / сл. И. Шаферана. - Темнов В. А он - ничей / сл. С. Абрамова. - Сариев В. Свидание / сл. Л. Дымовой. - Дога Е. Вальс : из кф. "Мой ласковый и нежный зверь". - Голиков В. Полька. - Брель Ж. Не покидай! / обраб. Л. Эрвина. - Рамирес А. Странники / сл. Ф. Луны ; рус. текст В. Трякина. - Томас В. Танец маленьких утят. - Ермак : рус. нар. песня / сл К. Рылеева. - Грянул внезапно гром над Москвой : рус. нар. песня. - Уж ты сад : рус. нар. песня. - По улице мостовой : рус. нар. песня. - Ой да ты, калинушка : рус. нар. песня. - Вдоль да по речке : рус. нар. песня. - У зари-то, у зореньки : рус. нар. песня. - Выйду на улицу : рус. нар. песня / обраб. И. Обликина. - Уж и я ли, молода : рус. нар. песня / обраб. В. Накапкина. |
| 461 |
Уровень набора |
_0 |
| 1 |
|
001RU/УОНБ/EK_N/542810640 |
| 1 |
|
200 |
| a |
|
За околицей села |
| b |
|
Ноты |
| e |
|
попул. музыка для баяна или аккордеона [с надпис. текстом] |
| v |
|
Вып. 7 |
| 1 |
|
210 |
| a |
|
М. |
| c |
|
Советский композитор |
| d |
|
1987 |
| 464 |
Аналитический уровень |
_0 |
| 1 |
|
2001 |
| a |
|
С чего начинается Родина? |
| e |
|
С чего начинается Родина... |
| e |
|
из кф. "Щит и меч" |
| 1 |
|
700 1 |
| a |
|
Баснер |
| b |
|
В. |
| 1 |
|
702 1 |
| a |
|
Матусовский |
| b |
|
М. |
| 4 |
|
520 |
| 1 |
|
50010 |
| a |
|
Щит и меч |
| 464 |
Аналитический уровень |
_0 |
| 1 |
|
2001 |
| a |
|
Красная гвоздика |
| e |
|
Взгляни, мой друг... |
| 1 |
|
700 1 |
| a |
|
Островский |
| b |
|
А. |
| 1 |
|
702 1 |
| a |
|
Ошанин |
| b |
|
Л. |
| 4 |
|
520 |
| 464 |
Аналитический уровень |
_0 |
| 1 |
|
2001 |
| a |
|
Ой вы, кони, вы, кони стальные... |
| e |
|
из кф. "Богатая невеста" |
| 1 |
|
700 1 |
| a |
|
Дунаевский |
| b |
|
И. |
| 1 |
|
702 1 |
| a |
|
Лебедев-Кумач |
| b |
|
В. |
| 4 |
|
520 |
| 1 |
|
50010 |
| a |
|
Богатая невеста |
| 464 |
Аналитический уровень |
_0 |
| 1 |
|
2001 |
| a |
|
Грустные ивы |
| e |
|
Грустные ивы склонились в пруду... |
| 1 |
|
700 1 |
| a |
|
Блантер |
| b |
|
М. |
| 1 |
|
702 1 |
| a |
|
Жаров |
| b |
|
А. |
| 4 |
|
520 |
| 464 |
Аналитический уровень |
_0 |
| 1 |
|
2001 |
| a |
|
Ноктюрн |
| e |
|
Между мною и тобой - гул небытия... |
| 1 |
|
700 1 |
| a |
|
Бабаджанян |
| b |
|
А. |
| 1 |
|
702 1 |
| a |
|
Рождественский |
| b |
|
Р. |
| 4 |
|
520 |
| 464 |
Аналитический уровень |
_0 |
| 1 |
|
2001 |
| a |
|
Страдание |
| e |
|
Я ходил по белу свету... |
| e |
|
из кф. "Белые росы" |
| 1 |
|
700 1 |
| a |
|
Френкель |
| b |
|
Я. |
| 1 |
|
702 1 |
| a |
|
Танич |
| b |
|
М. |
| 4 |
|
520 |
| 1 |
|
50010 |
| a |
|
Белые росы |
| 464 |
Аналитический уровень |
_0 |
| 1 |
|
2001 |
| a |
|
Улетела птичья стая |
| e |
|
Крылом укрывшись, дремлет птица... |
| 1 |
|
700 1 |
| a |
|
Мажуков |
| b |
|
А. |
| 1 |
|
702 1 |
| a |
|
Гальперин |
| b |
|
Я. |
| 4 |
|
520 |
| 464 |
Аналитический уровень |
_0 |
| 1 |
|
2001 |
| a |
|
Как земля прекрасна |
| e |
|
Как земля прекрасна... |
| 1 |
|
700 1 |
| a |
|
Фиготин |
| b |
|
Б. |
| 1 |
|
702 1 |
| a |
|
Лаубе |
| b |
|
Ф. |
| 4 |
|
520 |
| 464 |
Аналитический уровень |
_0 |
| 1 |
|
2001 |
| a |
|
Белый танец |
| e |
|
Музыка вдаль слышна... |
| e |
|
из кф. "Эта веселая планета" |
| 1 |
|
700 1 |
| a |
|
Тухманов |
| b |
|
Д. |
| 1 |
|
702 1 |
| a |
|
Шаферан |
| b |
|
И. |
| 4 |
|
520 |
| 1 |
|
50010 |
| a |
|
Эта веселая планета |
| 464 |
Аналитический уровень |
_0 |
| 1 |
|
2001 |
| a |
|
А он - ничей |
| 1 |
|
700 1 |
| a |
|
Темнов |
| b |
|
В. |
| 1 |
|
702 1 |
| a |
|
Абрамов |
| b |
|
С. |
| 4 |
|
520 |
| 464 |
Аналитический уровень |
_0 |
| 1 |
|
2001 |
| a |
|
Свидание |
| 1 |
|
700 1 |
| a |
|
Сариев |
| b |
|
В. |
| 1 |
|
702 1 |
| a |
|
Дымова |
| b |
|
Л. |
| 4 |
|
520 |
| 464 |
Аналитический уровень |
_0 |
| 1 |
|
2001 |
| a |
|
Вальс |
| e |
|
из кф. "Мой ласковый и нежный зверь" |
| 1 |
|
700 1 |
| a |
|
Дога |
| b |
|
Е. |
| 1 |
|
50010 |
| a |
|
Мой ласковый и нежный зверь |
| 464 |
Аналитический уровень |
_0 |
| 1 |
|
2001 |
| a |
|
Полька |
| 1 |
|
700 1 |
| a |
|
Голиков |
| b |
|
В. |
| 464 |
Аналитический уровень |
_0 |
| 1 |
|
2001 |
| a |
|
Не покидай! |
| 1 |
|
700 1 |
| a |
|
Брель |
| b |
|
Ж. |
| 1 |
|
702 1 |
| a |
|
Эрвин |
| b |
|
Л. |
| 4 |
|
030 |
| 464 |
Аналитический уровень |
_0 |
| 1 |
|
2001 |
| a |
|
Странники |
| e |
|
По степям и дубравам... |
| 1 |
|
700 1 |
| a |
|
Рамирес |
| b |
|
А. |
| 1 |
|
702 1 |
| a |
|
Луна |
| b |
|
Ф. |
| 4 |
|
520 |
| 1 |
|
702 1 |
| a |
|
Трякин |
| b |
|
В. |
| 4 |
|
730 |
| 464 |
Аналитический уровень |
_0 |
| 1 |
|
2001 |
| a |
|
Танец маленьких утят |
| 1 |
|
700 1 |
| a |
|
Томас |
| b |
|
В. |
| 464 |
Аналитический уровень |
_0 |
| 1 |
|
2001 |
| a |
|
Ермак |
| e |
|
Ревела буря, дождь шумел... |
| e |
|
рус. нар. песня |
| 1 |
|
702 1 |
| a |
|
Рылеев |
| b |
|
К. |
| 4 |
|
520 |
| 464 |
Аналитический уровень |
_0 |
| 1 |
|
2001 |
| a |
|
Грянул внезапно гром над Москвой |
| e |
|
Грянул внезапно гром над Москвой... |
| e |
|
рус. нар. песня |
| 464 |
Аналитический уровень |
_0 |
| 1 |
|
2001 |
| a |
|
Уж ты сад |
| e |
|
Уж ты сад, ты мой сад... |
| e |
|
рус. нар. песня |
| 464 |
Аналитический уровень |
_0 |
| 1 |
|
2001 |
| a |
|
По улице мостовой |
| e |
|
По улице мостовой... |
| e |
|
рус. нар. песня |
| 464 |
Аналитический уровень |
_0 |
| 1 |
|
2001 |
| a |
|
Ой да ты, калинушка |
| e |
|
Ой да ты, калинушка... |
| e |
|
рус. нар. песня |
| 464 |
Аналитический уровень |
_0 |
| 1 |
|
2001 |
| a |
|
Вдоль да по речке |
| e |
|
Вдоль да по речке... |
| e |
|
рус. нар. песня |
| 464 |
Аналитический уровень |
_0 |
| 1 |
|
2001 |
| a |
|
У зари-то, у зореньки |
| e |
|
У зари-то, у зореньки... |
| e |
|
рус. нар. песня |
| 464 |
Аналитический уровень |
_0 |
| 1 |
|
2001 |
| a |
|
Выйду на улицу |
| e |
|
рус. нар. песня |
| 1 |
|
702 1 |
| a |
|
Обликин |
| b |
|
И. |
| 4 |
|
030 |
| 464 |
Аналитический уровень |
_0 |
| 1 |
|
2001 |
| a |
|
Уж и я ли, молода |
| e |
|
рус. нар. песня |
| 1 |
|
702 1 |
| a |
|
Накапкин |
| b |
|
В. |
| 512 |
Заглавие обложки |
1_ |
| a |
Заглавие обложки |
За околицей села |
| 606 |
Тематические рубрики |
0_ |
| a |
Основная рубрика |
Баян |
| x |
Основная подрубрика |
Популярная музыка |
| 606 |
Тематические рубрики |
0_ |
| a |
Основная рубрика |
Аккордеон |
| x |
Основная подрубрика |
Популярная музыка |
| 610 |
Ключевые слова |
0_ |
| a |
Ключевые слова |
баян |
| 610 |
Ключевые слова |
0_ |
| a |
Ключевые слова |
аккордеон |
| 610 |
Ключевые слова |
0_ |
| a |
Ключевые слова |
популярная музыка |
| 686 |
Индексы других классификаций |
__ |
| a |
Классификационный индекс |
85.954.6-09я43 |
| a |
Классификационный индекс |
85.954.7-09я43 |
| 2 |
Код системы |
rubbk |
| 702 |
Вторичная интеллектуальная ответственность |
_1 |
| a |
Фамилия |
Лунин |
| b |
Имя (инициалы) |
И. |
| 4 |
Код отношения |
220 |
| 801 |
Источник записи |
_0 |
| a |
Страна |
RU |
| b |
Организация |
Ульяновская ОНБ |
| c |
Дата составления |
20170321 |
| g |
Правила каталогизации |
RCR |
| 801 |
Источник записи |
_1 |
| a |
Страна |
RU |
| b |
Организация |
Ульяновская ОНБ |
| c |
Дата составления |
20170321 |
| g |
Правила каталогизации |
RCR |
| 901 |
Тип документа |
__ |
| t |
Тип документа |
n |
| w |
Контрольный № источника |
RU/УОНБ/EK_N/542810640 |
| 909 |
Создатель записи |
__ |
| a |
Создатель записи |
Лобина Л. И. |
| 910 |
Корректоры записи |
__ |
| a |
Корректор записи |
Васина |
| 938 |
Служебная информация |
__ |
| a |
Имя БД |
noti |
| b |
Имя библиотеки |
УОНБ |
| c |
Имя АИБС |
МАРК-SQL |
| d |
Номер DOC_ID в БД |
16046 |